Top 5 Songs On 30 (Adele) - Statistics

General Stats
  • This quiz has been taken 36 times
  • The average score is 5 of 5
Answer Stats
Hint Answer % Correct
1,301,913,745 Easy On Me
100%
160,670,373 I Drink Wine
97%
434,737,165 Oh My God
94%
106,088,988 My Little Love
83%
158,686,298 Can I Get It
77%
No matching quizzes found
Score Distribution
Percent of People with Each Score
Percentile by Number Answered
Your Score History
You have not taken this quiz